000 01298nam a2200289 i 4500
003 DO-SdBNP
005 20230626074457.0
006 a||||gr|||| 00| 0
007 ta
008 230623e1991 dr a|||| |||| 00| 0 spa d
040 _aDO-SdBNP
_bspa
_cBNPHU
_erda
082 4 _222
_bE59c
245 0 0 _aEnseñanzas de la cultura universal. /
_cJ. A. Coso... [y otros]; prólogo, Efraín Villegas Quintero
264 1 _aSanto Domingo :
_bCorripio,
_c1991
300 _a383 páginas :
_bIlustraciones ;
_c23 cm
336 _2rdaconten
_atexto
_btxt
337 _2rdamedia
_asin medición
_bn
338 _2rdacarrier
_avolumen
_bnc
590 _aInventariado 2023 / MF
700 1 _aCoso José Antonio
_tFunciones Psicosomáticas del Ser Humano y su Influencia en el Comportamiento.
_983582
700 1 _a Gómez- Tejedor de Coso, Gemma
_tLa Dinámicade las Relaciones humanas.
_983583
700 1 _aSoto, Consuelo
_tNaturaleza y Significado de la Actividad Onírica.
_983584
700 1 _aPizarro, Luis
_tTeorías sobre el Origen y la Evolución del Hombre.
_983585
700 _95901
_aGarcía, Pedro
_tLa Dimensiones Universales a la luz de la relatividad del espacio- tiempo y de la física de las particulares. Parte II.
700 1 _92033
_aVillegas Quintero, Efraín,
_eprólogo
942 _2ddc
_cLBS1
999 _c53931
_d53931